| 000 -LEADER |
| fixed length control field |
01503cam a22003374a 4500 |
| 001 - CONTROL NUMBER |
| control field |
13119920 |
| 005 - DATE AND TIME OF LATEST TRANSACTION |
| control field |
20170206103528.0 |
| 008 - FIXED-LENGTH DATA ELEMENTS--GENERAL INFORMATION |
| fixed length control field |
030311s2003 wiua b 001 0 eng |
| 010 ## - LIBRARY OF CONGRESS CONTROL NUMBER |
| LC control number |
2003005652 |
| 020 ## - INTERNATIONAL STANDARD BOOK NUMBER |
| International Standard Book Number |
0299189902 (cloth : alk. paper) |
| 050 00 - LIBRARY OF CONGRESS CALL NUMBER |
| Classification number |
NK7907.2 .C37 2003 |
| 100 1# - MAIN ENTRY--PERSONAL NAME |
| Personal name |
Carpino, Alexandra Ann. |
| 245 10 - TITLE STATEMENT |
| Title |
Discs of splendor : |
| Remainder of title |
the relief mirrors of the Etruscans / |
| Statement of responsibility, etc. |
Alexandra Ann Carpino. |
| 260 ## - PUBLICATION, DISTRIBUTION, ETC. (IMPRINT) |
| Place of publication, distribution, etc. |
Madison, Wis. : |
| Name of publisher, distributor, etc. |
University of Wisconsin Press, |
| Date of publication, distribution, etc. |
c2003. |
| 300 ## - PHYSICAL DESCRIPTION |
| Extent |
xvii, 156 p., 120 p. of plates : |
| Other physical details |
ill. (some col.) ; |
| Dimensions |
26 cm. |
| 440 #0 - SERIES STATEMENT/ADDED ENTRY--TITLE |
| Title |
Wisconsin studies in classics |
| 504 ## - BIBLIOGRAPHY, ETC. NOTE |
| Bibliography, etc |
Includes bibliographical references (p. 141-148) and index. |
| 650 #0 - SUBJECT ADDED ENTRY--TOPICAL TERM |
| Topical term or geographic name as entry element |
Bronzes, Etruscan. |
| 650 #0 - SUBJECT ADDED ENTRY--TOPICAL TERM |
| Topical term or geographic name as entry element |
Mirrors, Etruscan. |
| 650 #0 - SUBJECT ADDED ENTRY--TOPICAL TERM |
| Topical term or geographic name as entry element |
Bronze mirrors, Ancient |
| Geographic subdivision |
Italy. |
| 650 #0 - SUBJECT ADDED ENTRY--TOPICAL TERM |
| Topical term or geographic name as entry element |
Relief (Sculpture), Etruscan. |
| 651 #0 - SUBJECT ADDED ENTRY--GEOGRAPHIC NAME |
| Geographic name |
Italy |
| General subdivision |
Antiquities. |
| 856 41 - ELECTRONIC LOCATION AND ACCESS |
| Materials specified |
Table of contents |
| Uniform Resource Identifier |
<a href="http://www.loc.gov/catdir/toc/ecip041/2003005652.html">http://www.loc.gov/catdir/toc/ecip041/2003005652.html</a> |
| 942 ## - ADDED ENTRY ELEMENTS (KOHA) |
| Source of classification or shelving scheme |
|
| Koha item type |
Hard Covered Materials |